Estrogen therapy in a viral murine model of multiple sclerosis /

Bibliographic Details
Main Author: Gomez, Francisco Pascual
Other Authors: Welsh, Christabel Jane R. (Thesis advisor), Li, Jianrong (Thesis advisor)
Format: Thesis eBook
Language:English
Published: [College Station, Tex.] : [Texas A&M University], [2012]
Subjects:
Online Access:Link to OAK Trust copy

MARC

Tag First Indicator Second Indicator Subfields
LEADER 00000cam a2200000Ka 4500
001 in00002755721
005 20150922143329.0
006 m fo d
007 cr unu||||||||
008 121115s2012 txu obm 000 0 eng d
035 |a (OCoLC)ocn818209660 
035 |a (OCoLC)818209660 
035 |a (TxCM)http://hdl.handle.net/1969.1/ETD-TAMU-2012-08-11808 
040 |a TXA  |c TXA  |d UtOrBLW 
049 |a TXAM 
099 |a 2012  |a Thesis  |a 1969.1/ETD-TAMU-2012-08-11808 
100 1 |a Gomez, Francisco Pascual. 
245 1 0 |a Estrogen therapy in a viral murine model of multiple sclerosis /  |c by Francisco Pascual Gomez. 
264 1 |a [College Station, Tex.] :  |b [Texas A&M University],  |c [2012] 
300 |a 1 online resource. 
336 |a text  |b txt  |2 rdacontent 
337 |a computer  |b c  |2 rdamedia 
338 |a online resource  |b cr  |2 rdacarrier 
500 |a "Major Subject: Biomedical Sciences" 
588 |a Description from author supplied metadata (automated record created 2012-10-22 13:24:58). 
502 |b Master of Science  |c Texas A&M University  |d 2012  |o http://hdl.handle.net/1969.1/ETD-TAMU-2012-08-11808 
504 |a Includes bibliographical references. 
516 |a Text (Thesis) 
520 3 |a Multiple sclerosis (MS) is an idiopathic neurodegenerative, demyelinating disease of the central nervous system (CNS). MS affects females more than males (3:1) and pregnancy reduces the number of relapses especially during the third trimester when 17-beta-estradiol (E2) and estriol (E3) are at their highest levels. In order to study the role of estrogens as potential therapeutic agents for MS we investigated their role in Theiler's murine encephalomyelitis virus (TMEV)-induced demyelination (TVID). SJL female mice were infected intracranially with Theiler's virus or PBS. The mice in the treatment groups were clinically scored and at week 20 they were ovarectomized (OVx) and given a subdermal pellet containing either 1) 0.1mg of E2, 2) 5mg of E3, or 3) placebo. Four weeks after treatment initiation, the mice were sacrificed and tissue samples were collected and vertebral columns and brains were fixed and placed in paraffin for histological analysis using either hematoxylin and eosin (H&E) stain for general anatomic features or Weil's stain for myelin. No signs of clinical disease developed in any of the sham-infected mice. Prior to ovariectomy, infected mice had developed significant clinical scores indicative of demyelination. Mice in the placebo and E3-treatment groups deteriorated rapidly whereas the E2-treated mice improved significantly during the course of the treatment. Uteri were used to assess hormonal effects post-ovariectomy. Hormone treated groups were significantly different from placebo, indicating hormones were present. Hormone treatment showed significant differences among treatment groups for both inflammation and demyelination. E2-treatment significantly decreased inflammation compared to placebo and E3. E2 was also effective in reducing demyelination compared to placebo groups but not E3. E3 treatment was effective in reducing inflammation compared to placebo, but no significance was found for demyelination. Both E3 and E2 treated mice developed lower antibody levels against TMEV. The improvement in clinical signs, inflammation, demyelination, and the reduction of antibody levels in 17-beta-estradiol-treated mice indicate a therapeutic potential for the treatment of MS. 
500 |a Electronic resource. 
650 4 |a Major Biomedical Sciences. 
653 |a TVID 
653 |a Demyelination 
653 |a Inflammation 
653 |a Theiler's virus 
653 |a Multiple sclerosis 
653 |a Estrogens 
700 1 |a Welsh, Christabel Jane R.,  |e thesis advisor. 
700 1 |a Li, Jianrong,  |e thesis advisor. 
856 4 0 |u http://hdl.handle.net/1969.1/ETD-TAMU-2012-08-11808  |z Link to OAK Trust copy  |t 0 
994 |a C0  |b TXA 
948 |a cataloged  |b h  |c 2012/11/15  |d o  |e jlanham  |f 11:23:19 am 
999 |a MARS 
999 f f |s 25e5fb74-d5b9-3ecc-8df9-24759fabf2e3  |i 9580e266-98b3-38e7-86a1-177fea99679f  |t 0 
952 f f |a Texas A&M University  |b College Station  |c Electronic Resources  |d Available Online  |t 0  |e 2012 Thesis 1969.1/ETD-TAMU-2012-08-11808  |h Other scheme 
998 f f |a 2012 Thesis 1969.1/ETD-TAMU-2012-08-11808  |t 0  |l Available Online